Hydrogels Recent Advances /

This book discusses recent advances in hydrogels, including their generation and applications and presents a compendium of fundamental concepts. It highlights the most important hydrogel materials, including physical hydrogels, chemical hydrogels, and nanohydrogels and explores the development of hy...

Full description

Bibliographic Details
Corporate Author: SpringerLink (Online service)
Other Authors: Thakur, Vijay Kumar (Editor, http://id.loc.gov/vocabulary/relators/edt), Thakur, Manju Kumari (Editor, http://id.loc.gov/vocabulary/relators/edt)
Format: Electronic eBook
Language:English
Published: Singapore : Springer Singapore : Imprint: Springer, 2018.
Edition:1st ed. 2018.
Series:Gels Horizons: From Science to Smart Materials,
Subjects:
Online Access:Full Text via HEAL-Link
LEADER 05210nam a2200601 4500
001 978-981-10-6077-9
003 DE-He213
005 20191024012051.0
007 cr nn 008mamaa
008 180828s2018 si | s |||| 0|eng d
020 |a 9789811060779  |9 978-981-10-6077-9 
024 7 |a 10.1007/978-981-10-6077-9  |2 doi 
040 |d GrThAP 
050 4 |a QD380-388 
072 7 |a PNNP  |2 bicssc 
072 7 |a TEC055000  |2 bisacsh 
072 7 |a PNNP  |2 thema 
082 0 4 |a 541.2254  |2 23 
245 1 0 |a Hydrogels  |h [electronic resource] :  |b Recent Advances /  |c edited by Vijay Kumar Thakur, Manju Kumari Thakur. 
250 |a 1st ed. 2018. 
264 1 |a Singapore :  |b Springer Singapore :  |b Imprint: Springer,  |c 2018. 
300 |a X, 470 p. 171 illus., 127 illus. in color.  |b online resource. 
336 |a text  |b txt  |2 rdacontent 
337 |a computer  |b c  |2 rdamedia 
338 |a online resource  |b cr  |2 rdacarrier 
347 |a text file  |b PDF  |2 rda 
490 1 |a Gels Horizons: From Science to Smart Materials,  |x 2367-0061 
505 0 |a Intelligent Hydrogels For Controlled Drug Delivery -- Hydrogels From Catechol-Conjugated Polymeric Materials -- Super Absorbent Polymer Hydrogels -- Hydrogel-Based Strategies For Stem Cell Therapy -- Protein And Nanoparticle Loaded Hydrogels Studied By Small Angle Scattering And Rheology Techniques -- Preparation, Properties And Applications Of Hydrogels: A Review -- Hydrogel-Based Stimuli-Responsive Functionalized Graft Copolymers For The Controlled Delivery Of 5-Fluorouracil , An Anticancer Drug -- Emerging Technology In Medical Applications Of Hydrogel -- Electro Spinning Of Hydrogels For Biomedical Applications -- Polyvinyl Alcohol Hydrogels: Tunable Scaffolds For Tissue Engineering -- Cellulose Hydrogels As Sustainable Materials Regenerated From Waste -- Injectable Hydrogels For Cartilage Regeneration -- Poly (Vinyl Alcohol)/Polysaccharides Hydrogel Materials For Wound Healing And Waste Water Treatment -- Hydrogels : Synthesis Characterization And Applications -- Radiation- And Sonochemical Synthesis Of Nano-, Micro- And Macroscopic Hydrogels -- Dna Based Hydrogels: An Approach For Multifunctional Bio-Applications -- Stimuli-Responsive Hydrogel Film Changing In Adsorption-Desorption Of Nanoparticles Reversibly -- Various Functional And Stimuli-Responsive Hydrogel Based On Polyaspartamides -- Interpenetrating-Polymer-Network Hydrogels: Smart Materials For Biomedical Applications. 
520 |a This book discusses recent advances in hydrogels, including their generation and applications and presents a compendium of fundamental concepts. It highlights the most important hydrogel materials, including physical hydrogels, chemical hydrogels, and nanohydrogels and explores the development of hydrogel-based novel materials that respond to external stimuli, such as temperature, pressure, pH, light, biochemicals or magnetism, which represent a new class of intelligent materials. With their multiple cooperative functions, hydrogel-based materials exhibit different potential applications ranging from biomedical engineering to water purification systems. This book covers key topics including superabsorbent polymer hydrogel; intelligent hydrogels for drug delivery; hydrogels from catechol-conjugated materials; nanomaterials loaded hydrogel; electrospinning of hydrogels; biopolymers-based hydrogels; injectable hydrogels; interpenetrating-polymer-network hydrogels: radiation- and sonochemical synthesis of micro/nano/macroscopic hydrogels; DNA-based hydrogels; and multifunctional applications of hydrogels. It will prove a valuable resource for researchers working in industry and academia alike. 
650 0 |a Polymers  . 
650 0 |a Nanotechnology. 
650 0 |a Biomedical engineering. 
650 0 |a Nanochemistry. 
650 0 |a Nanoscale science. 
650 0 |a Nanoscience. 
650 0 |a Nanostructures. 
650 1 4 |a Polymer Sciences.  |0 http://scigraph.springernature.com/things/product-market-codes/C22008 
650 2 4 |a Nanotechnology and Microengineering.  |0 http://scigraph.springernature.com/things/product-market-codes/T18000 
650 2 4 |a Biomedical Engineering/Biotechnology.  |0 http://scigraph.springernature.com/things/product-market-codes/B24000 
650 2 4 |a Nanochemistry.  |0 http://scigraph.springernature.com/things/product-market-codes/C33000 
650 2 4 |a Nanoscale Science and Technology.  |0 http://scigraph.springernature.com/things/product-market-codes/P25140 
650 2 4 |a Nanotechnology.  |0 http://scigraph.springernature.com/things/product-market-codes/Z14000 
700 1 |a Thakur, Vijay Kumar.  |e editor.  |4 edt  |4 http://id.loc.gov/vocabulary/relators/edt 
700 1 |a Thakur, Manju Kumari.  |e editor.  |4 edt  |4 http://id.loc.gov/vocabulary/relators/edt 
710 2 |a SpringerLink (Online service) 
773 0 |t Springer eBooks 
776 0 8 |i Printed edition:  |z 9789811060762 
776 0 8 |i Printed edition:  |z 9789811060786 
776 0 8 |i Printed edition:  |z 9789811338663 
830 0 |a Gels Horizons: From Science to Smart Materials,  |x 2367-0061 
856 4 0 |u https://doi.org/10.1007/978-981-10-6077-9  |z Full Text via HEAL-Link 
912 |a ZDB-2-CMS 
950 |a Chemistry and Materials Science (Springer-11644)